Normal view
MARC view
- Haq,Wajiha
Entry Personal Name
001 - CONTROL NUMBER
- control field: 5154
003 - CONTROL NUMBER IDENTIFIER
- control field: NUST
005 - DATE AND TIME OF LATEST TRANSACTION
- control field: 20171002170338.0
008 - FIXED-LENGTH DATA ELEMENTS
- fixed length control field: 171002|| aca||aabn | a|a d
040 ## - CATALOGING SOURCE
- Original cataloging agency: NUST
- Transcribing agency: NUST
100 ## - HEADING--PERSONAL NAME
- Personal name: Haq,Wajiha
670 ## - SOURCE DATA FOUND
- Source citation: Work cat.: (NUST): Haq,Wajiha, In search of exchange rate overshooting/undershooting in Pakistan, 2014
